00361nam a2200121Ia 4500008004000000020001800040082001300058100004600071245002600117260003300143300001000176650005300186210210b1974 xxu||||| |||| 00| 0 eng d a0 201 00551 4 a530 BENP aBENEDEK (George B) & VILLARS (Felix M H). aPhysics: mechanics V1 aLondonbAddison-Wesleyc1974 a6-130 aIllustrations physics medicine biology mechanics